[Event "Veliko Gradiste Silver Lake op-A"]
[Site "Veliko Gradiste"]
[Date "2021.06.24"]
[Round "2"]
[White "Muskinja, Luka"]
[Black "Balabayeva, Kseniya"]
[Result "0-1"]
[WhiteElo "1876"]
[BlackElo "2116"]
[PlyCount "98"]
[EventDate "2021.06.23"]
[EventType "swiss"]
[EventRounds "9"]
[EventCountry "SRB"]
[SourceTitle "CBM 203 Extra"]
[Source "ChessBase"]
[SourceDate "2021.09.30"]
[SourceVersion "1"]
[SourceVersionDate "2021.09.30"]
[SourceQuality "1"]

1. Nf3 d5 2. b3 Bg4 3. Bb2 Nf6 4. e3 e6 5. h3 Bh5 6. d4 Bd6 7. Be2 Nbd7 8. 0-0 0-0 9. c4 c6 10. Ne5 Bxe2 11. Qxe2 Bxe5 12. dxe5 Ne4 13. Nd2 Nxd2 14. Qxd2 Qe7 15. Rad1 Rad8 16. Qa5 b6 17. Qa3 Qxa3 18. Bxa3 Rfe8 19. f4 f6 20. cxd5 exd5 21. e4 dxe4 22. Rd6 Nb8 23. Rfd1 Rxd6 24. Rxd6 fxe5 25. fxe5 Kf7 26. Bb2 Re6 27. Rd8 Na6 28. Rd7+ Re7 29. Rd6 Nb4 30. Ba3 Nd3 31. Rxc6 Rxe5 32. Rc7+ Kg6 33. Kf1 e3 34. Rc2 Nf4 35. Bb4 e2+ 36. Kg1 e1Q+ 37. Bxe1 Rxe1+ 38. Kf2 Re6 39. Kf3 Nd3 40. Rd2 Ne5+ 41. Kf4 Kf6 42. Rc2 Nc6 43. Rd2 Ke7 44. g4 Rd6 45. Re2+ Kd7 46. h4 Nd4 47. Re4 Ne6+ 48. Ke5 Rd2 49. a4 Nc5 0-1

[Event "Veliko Gradiste Silver Lake op-A"]
[Site "Veliko Gradiste"]
[Date "2021.06.23"]
[Round "1"]
[White "Maksimenko, Viktor"]
[Black "Muskinja, Luka"]
[Result "1-0"]
[WhiteElo "2239"]
[BlackElo "1876"]
[PlyCount "77"]
[EventDate "2021.06.23"]
[EventType "swiss"]
[EventRounds "9"]
[EventCountry "SRB"]
[SourceTitle "CBM 203 Extra"]
[Source "ChessBase"]
[SourceDate "2021.09.30"]
[SourceVersion "1"]
[SourceVersionDate "2021.09.30"]
[SourceQuality "1"]

1. d4 Nf6 2. Bf4 b5 3. a4 b4 4. e3 Bb7 5. a5 a6 6. Nd2 e6 7. Nb3 Be7 8. h3 d6 9. Nf3 0-0 10. Be2 Nbd7 11. 0-0 c5 12. dxc5 Nxc5 13. Nxc5 dxc5 14. Ne5 Nd5 15. Bf3 Bd6 16. Nc4 Bxf4 17. exf4 Qc7 18. g3 Rad8 19. Qe2 Bc6 20. Rfe1 Bb5 21. Be4 Nf6 22. Bd3 Rd4 23. b3 Rfd8 24. Qe5 Qc6 25. Bf1 Qd5 26. Bg2 Qxe5 27. Nxe5 Rd2 28. Rac1 R2d6 29. c3 Rd2 30. cxb4 cxb4 31. Nc6 R8d6 32. Nxb4 h6 33. Rc8+ Kh7 34. Rc2 Rxc2 35. Nxc2 Rd2 36. Na3 Bd3 37. Ra1 Ne4 38. Nc4 Rc2 39. Ne5 1-0

[Event "SRB-ch U16"]
[Site "Subotica"]
[Date "2021.05.07"]
[Round "6"]
[White "Muskinja, Luka"]
[Black "Stankovic, Boris"]
[Result "0-1"]
[WhiteElo "1868"]
[BlackElo "2087"]
[PlyCount "82"]
[EventDate "2021.05.03"]
[EventType "swiss"]
[EventRounds "9"]
[EventCountry "SRB"]
[SourceTitle "EXT 2022"]
[Source "ChessBase"]
[SourceDate "2021.10.06"]
[SourceVersion "1"]
[SourceVersionDate "2021.10.06"]
[SourceQuality "1"]

1. Nf3 Nf6 2. b3 g6 3. Bb2 Bg7 4. e3 0-0 5. d4 d6 6. Be2 a5 7. 0-0 Nbd7 8. c4 a4 9. b4 e5 10. dxe5 Ng4 11. a3 Ngxe5 12. Nxe5 Nxe5 13. Nc3 Qh4 14. f4 Ng4 15. Bxg4 Bxg4 16. Qc2 Qd8 17. Nxa4 Qe8 18. Bxg7 Qxe3+ 19. Qf2 Qxf2+ 20. Kxf2 Kxg7 21. Nc3 Be6 22. Nd5 c6 23. Nc7 Ra4 24. Nxe6+ fxe6 25. Kg3 Rfa8 26. Rf3 Kf6 27. Rb3 b6 28. Kf2 c5 29. bxc5 bxc5 30. Rc3 R8a5 31. g3 d5 32. cxd5 exd5 33. Rb3 Ra6 34. Rb5 R4a5 35. Rb7 Rxa3 36. Re1 Ra2+ 37. Kf3 h5 38. Rbe7 R6a3+ 39. R1e3 Rxe3+ 40. Rxe3 Rxh2 41. g4 Rh3+ 0-1

[Event "SRB-ch U16"]
[Site "Subotica"]
[Date "2021.05.06"]
[Round "5"]
[White "Muskinja, Luka"]
[Black "Slavkovic, Uros"]
[Result "1-0"]
[WhiteElo "1868"]
[BlackElo "1950"]
[PlyCount "120"]
[EventDate "2021.05.03"]
[EventType "swiss"]
[EventRounds "9"]
[EventCountry "SRB"]
[SourceTitle "EXT 2022"]
[Source "ChessBase"]
[SourceDate "2021.10.06"]
[SourceVersion "1"]
[SourceVersionDate "2021.10.06"]
[SourceQuality "1"]

1. Nf3 Nf6 2. b3 g6 3. Bb2 Bg7 4. e3 0-0 5. Be2 d6 6. d4 e5 7. dxe5 Ng4 8. c4 Nxe5 9. Nc3 a5 10. a3 Na6 11. 0-0 Bd7 12. Nxe5 Bxe5 13. Qd2 Nc5 14. Bd1 Bf5 15. Bc2 Bxc2 16. Qxc2 c6 17. b4 axb4 18. axb4 Na6 19. b5 Nc5 20. Rxa8 Qxa8 21. Ra1 Qd8 22. Ne2 Qf6 23. Bxe5 Qxe5 24. Qc3 Nb3 25. Rd1 Qxc3 26. Nxc3 Na5 27. bxc6 bxc6 28. Rxd6 Rc8 29. Rd4 c5 30. Rd5 Nxc4 31. Ne4 f5 32. Rxc5 Rxc5 33. Nxc5 Ne5 34. Kf1 Kf7 35. Ke2 Kf6 36. Nd3 Nc4 37. Kd1 g5 38. Kc2 Nd6 39. Kc3 Ne4+ 40. Kd4 g4 41. f3 gxf3 42. gxf3 Nd2 43. Ne1 f4 44. exf4 Kf5 45. Ke3 Nc4+ 46. Kd3 Nb2+ 47. Kc3 Nd1+ 48. Kd2 Nf2 49. Ke2 Nh3 50. Nd3 h5 51. Kf1 h4 52. Kg2 Nxf4+ 53. Nxf4 Kxf4 54. Kf2 Ke5 55. Ke3 Kf5 56. h3 Ke5 57. f4+ Kf5 58. Kf3 Kg6 59. Kg4 Kf6 60. Kxh4 Kf5 1-0

[Event "SRB-ch U16"]
[Site "Subotica"]
[Date "2021.05.05"]
[Round "4"]
[White "Radojicic, Aleksandar M"]
[Black "Muskinja, Luka"]
[Result "1-0"]
[WhiteElo "2062"]
[BlackElo "1868"]
[PlyCount "51"]
[EventDate "2021.05.03"]
[EventType "swiss"]
[EventRounds "9"]
[EventCountry "SRB"]
[SourceTitle "EXT 2022"]
[Source "ChessBase"]
[SourceDate "2021.10.06"]
[SourceVersion "1"]
[SourceVersionDate "2021.10.06"]
[SourceQuality "1"]

1. d4 Nf6 2. Nc3 d5 3. Bf4 Bf5 4. f3 e6 5. g4 Bg6 6. h4 h5 7. g5 Nfd7 8. e3 a6 9. Bd3 Bxd3 10. Qxd3 c5 11. g6 f5 12. Bg5 Be7 13. Nh3 c4 14. Qe2 Nf8 15. 0-0-0 Nxg6 16. e4 dxe4 17. fxe4 f4 18. Qxc4 Qd6 19. e5 Qc6 20. Qd3 Nxh4 21. Bxe7 Kxe7 22. Nxf4 g5 23. d5 Qb6 24. dxe6 Qc6 25. Ncd5+ Ke8 26. Rxh4 1-0

[Event "SRB-chT Premier"]
[Site "Ruma"]
[Date "2020.09.29"]
[Round "7.4"]
[White "Muskinja, Luka"]
[Black "Stojanovic, Mihajlo"]
[Result "0-1"]
[WhiteElo "1940"]
[BlackElo "2492"]
[PlyCount "70"]
[EventDate "2020.09.25"]
[EventType "team-tourn"]
[EventRounds "11"]
[EventCountry "SRB"]
[SourceTitle "CBM 198 Extra"]
[Source "ChessBase"]
[SourceDate "2020.11.30"]
[SourceVersion "1"]
[SourceVersionDate "2020.11.30"]
[SourceQuality "1"]
[WhiteTeam "Nova Pazova Mladost"]
[BlackTeam "Belgrade Itaka"]
[WhiteTeamCountry "SRB"]
[BlackTeamCountry "SRB"]

1. Nf3 d5 2. b3 c5 3. e3 Nc6 4. Bb2 e6 5. d4 Nf6 6. Bd3 Bd6 7. 0-0 0-0 8. a3 b6 9. Nbd2 Bb7 10. Qe2 Re8 11. Ne5 Bf8 12. f4 g6 13. Bb5 Rc8 14. g4 Nd7 15. Qf3 Re7 16. Nxc6 Bxc6 17. Bxc6 Rxc6 18. c4 cxd4 19. Bxd4 Rd6 20. Rad1 Re8 21. e4 dxc4 22. Bb2 cxb3 23. Qc3 e5 24. Nc4 Rxd1 25. Rxd1 Qh4 26. Qf3 Qe7 27. Nd6 Rd8 28. fxe5 Bg7 29. Qxb3 Nxe5 30. Qd5 Qe6 31. Qxe6 fxe6 32. Kg2 Nxg4 33. Bc1 Be5 34. h3 Nf6 35. Bg5 Rxd6 0-1

[Event "Vojvodina-chT"]
[Site "Kovacica"]
[Date "2019.11.06"]
[Round "8.4"]
[White "Krejic, Igor"]
[Black "Muskinja, Luka"]
[Result "0-1"]
[WhiteElo "2229"]
[BlackElo "1810"]
[PlyCount "94"]
[EventDate "2019.11.01"]
[EventType "team-tourn"]
[EventRounds "11"]
[EventCountry "SRB"]
[SourceTitle "CBM 192 Extra"]
[Source "Chessbase"]
[SourceDate "2019.11.06"]
[SourceVersion "1"]
[SourceVersionDate "2019.11.06"]
[SourceQuality "1"]
[WhiteTeam "Mladenovo"]
[BlackTeam "Indija Sloga"]
[WhiteTeamCountry "SRB"]
[BlackTeamCountry "SRB"]

1. e4 c5 2. c3 g6 3. d4 cxd4 4. cxd4 d5 5. Nc3 dxe4 6. Bc4 Nc6 7. Qb3 e6 8. d5 Nd4 9. Qd1 Bg7 10. Nge2 Nxe2 11. Qxe2 Bxc3+ 12. bxc3 exd5 13. Bb3 Be6 14. 0-0 Ne7 15. f3 Qd7 16. fxe4 dxe4 17. Qxe4 0-0-0 18. Bg5 Rhe8 19. Ba4 Nc6 20. Qh4 Qd5 21. Bxd8 Rxd8 22. Qf2 Qd2 23. Bxc6 Qxf2+ 24. Kxf2 bxc6 25. Rfd1 Bd5 26. Rd4 c5 27. Rd2 Be6 28. Rxd8+ Kxd8 29. Ke3 Kc7 30. Kf4 Kc6 31. Ke5 Kb5 32. Kd6 a5 33. a4+ Kc4 34. Kc6 Bd5+ 35. Kb6 Bxg2 36. Rc1 f5 37. Kxa5 f4 38. Kb6 f3 39. Rc2 Kd3 40. Ra2 Ke3 41. Kxc5 f2 42. Rxf2 Kxf2 43. c4 g5 44. Kb6 g4 45. c5 Kg1 46. c6 Bxc6 47. Kxc6 Kxh2 0-1

[Event "SRB-ch U14"]
[Site "Kragujevac"]
[Date "2019.05.05"]
[Round "9"]
[White "Muskinja, Luka"]
[Black "Pajcin, Lav"]
[Result "1/2-1/2"]
[WhiteElo "1599"]
[BlackElo "1960"]
[PlyCount "94"]
[EventDate "2019.04.29"]
[EventType "swiss"]
[EventRounds "9"]
[EventCountry "SRB"]
[SourceTitle "EXT 2022"]
[Source "ChessBase"]
[SourceDate "2021.10.06"]
[SourceVersion "1"]
[SourceVersionDate "2021.10.06"]
[SourceQuality "1"]

1. b4 e6 2. Bb2 Nf6 3. a3 d5 4. e3 c5 5. b5 Bd6 6. Nf3 Nbd7 7. c4 0-0 8. d3 e5 9. cxd5 Nxd5 10. Be2 Qa5+ 11. Qd2 Qc7 12. Nc3 Nxc3 13. Qxc3 Nb6 14. 0-0 Na4 15. Qc2 Nxb2 16. Qxb2 Qe7 17. Rfe1 f6 18. d4 e4 19. dxc5 Bxc5 20. Bc4+ Kh8 21. Nd4 Qe5 22. Rad1 Bd6 23. g3 Bd7 24. Qb3 Rfe8 25. Ne2 Qe7 26. Nf4 Bxf4 27. exf4 Bg4 28. Be2 Bxe2 29. Rxe2 Qc5 30. Qd5 Qxa3 31. Rxe4 Rxe4 32. Qxe4 Qb3 33. Rd7 Qxb5 34. Rxb7 Qc5 35. Rxg7 Kxg7 36. Qxa8 Qc7 37. Qe4 a5 38. Qa4 Kf7 39. f5 Qe5 40. Qd7+ Kg8 41. Qc8+ Kg7 42. Qb7+ Kh6 43. Qf3 Qe1+ 44. Kg2 Qe5 45. g4 Kg7 46. Qb7+ Kh6 47. Qc8 Qe7 1/2-1/2

[Event "SRB-ch U14"]
[Site "Novi Sad"]
[Date "2018.04.07"]
[Round "7"]
[White "Ivanovic, Marko"]
[Black "Muskinja, Luka"]
[Result "1-0"]
[WhiteElo "2202"]
[BlackElo "1653"]
[PlyCount "69"]
[EventDate "2018.04.02"]
[EventType "swiss"]
[EventRounds "9"]
[EventCountry "SRB"]
[SourceTitle "EXT 2019"]
[Source "ChessBase"]
[SourceDate "2018.10.10"]
[SourceVersion "1"]
[SourceVersionDate "2018.10.10"]
[SourceQuality "1"]

1. d4 g6 2. e4 Bg7 3. h4 h5 4. Nc3 c6 5. Bc4 d6 6. Nh3 Nf6 7. Ng5 d5 8. Bb3 0-0 9. e5 Ng4 10. f4 Bf5 11. Qe2 e6 12. Nd1 Qd7 13. Ne3 Na6 14. Nxf5 exf5 15. 0-0 Rfe8 16. Be3 f6 17. Nf3 Re7 18. Nh2 Nxh2 19. Kxh2 Rae8 20. Qf3 Kh7 21. Rfd1 Qc7 22. Bf2 b5 23. a4 b4 24. c4 bxc3 25. Qxc3 fxe5 26. fxe5 Rxe5 27. Bg3 Re3 28. Bxc7 Rxc3 29. bxc3 Nxc7 30. Re1 Rb8 31. Re7 Rxb3 32. Rxc7 g5 33. Re1 Rb8 34. Ree7 Rg8 35. Rxc6 1-0

[Event "SRB-ch U14"]
[Site "Novi Sad"]
[Date "2018.04.03"]
[Round "3"]
[White "Muskinja, Luka"]
[Black "Pajcin, Lav"]
[Result "1/2-1/2"]
[WhiteElo "1653"]
[BlackElo "2032"]
[PlyCount "98"]
[EventDate "2018.04.02"]
[EventType "swiss"]
[EventRounds "9"]
[EventCountry "SRB"]
[SourceTitle "EXT 2019"]
[Source "ChessBase"]
[SourceDate "2018.10.10"]
[SourceVersion "1"]
[SourceVersionDate "2018.10.10"]
[SourceQuality "1"]

1. b3 e5 2. Bb2 Nc6 3. e3 d5 4. Bb5 Bd6 5. Nf3 Qe7 6. d4 e4 7. Nfd2 Qg5 8. g3 Bg4 9. Qc1 a6 10. Bxc6+ bxc6 11. c4 Bd7 12. Nc3 Nf6 13. Qc2 Ng4 14. cxd5 cxd5 15. Ndxe4 Qh5 16. h3 0-0 17. Nxd6 cxd6 18. 0-0-0 Nf6 19. g4 Qh4 20. Kb1 Rac8 21. Qe2 Ne4 22. Nxe4 dxe4 23. Ba3 Bb5 24. Qe1 Bd3+ 25. Ka1 Qf6 26. Rc1 Rxc1+ 27. Qxc1 Qxf2 28. Bxd6 Re8 29. Qc6 Bb5 30. Qc3 Qf3 31. Rh2 Qf6 32. Bf4 Bd3 33. a4 Qe6 34. Kb2 Rc8 35. d5 Qd7 36. Qd4 h6 37. g5 hxg5 38. Bxg5 Qf5 39. h4 Qf1 40. Ka3 Qc1+ 41. Qb2 Qc5+ 42. b4 Qxd5 43. Rg2 a5 44. Bh6 axb4+ 45. Qxb4 g6 46. Qd4 Qxd4 47. exd4 Rd8 48. Be3 Kf8 49. Rg5 Rc8 1/2-1/2

[Event "Stari Banovci Vidovdan op"]
[Site "Stari Banovci"]
[Date "2017.06.29"]
[Round "2"]
[White "Kocijasevic, Zivko"]
[Black "Muskinja, Luka"]
[Result "1-0"]
[WhiteElo "1892"]
[BlackElo "1638"]
[PlyCount "67"]
[EventDate "2017.06.28"]
[EventType "swiss"]
[EventRounds "9"]
[EventCountry "SRB"]
[SourceTitle "EXT 2018"]
[Source "ChessBase"]
[SourceDate "2017.10.13"]
[SourceVersion "1"]
[SourceVersionDate "2017.10.13"]
[SourceQuality "1"]

1. e4 g6 2. d4 Bg7 3. c4 d6 4. Nf3 Nf6 5. Nc3 Nbd7 6. Be2 0-0 7. 0-0 e5 8. d5 Nb6 9. Bg5 Bg4 10. Nd2 Bxe2 11. Qxe2 Qd7 12. Bxf6 Bxf6 13. f4 Rfe8 14. f5 Bg7 15. f6 Bh6 16. b3 c6 17. Rad1 Rad8 18. Qf3 cxd5 19. exd5 Qc7 20. Nde4 Nd7 21. Kh1 Nc5 22. Nb5 Qb6 23. Nbc3 Qa5 24. Qh3 Bf8 25. Rf2 Qb6 26. Rdf1 h6 27. Qg3 a6 28. h4 h5 29. Rf5 Kh8 30. Rxh5+ Kg8 31. Rg5 Kh7 32. h5 Bh6 33. hxg6+ fxg6 34. Rxg6 1-0